A passion for teaching /

Dades bibliogràfiques
Autor principal: Day, Christopher, ACP
Format: Llibre
Idioma:English
Publicat: London ; New York : RoutledgeFalmer, 2004.
Matèries:
Classic Catalogue: View this record in Classic Catalogue
LEADER 01279nam a2200289 a 4500
001 0017211
003 BD-DhAAL
008 090910s2004 enka b 001 0 eng d
010 |a  2003020185 
020 |a 0415251796 (Hardback : alk. paper) 
020 |a 041525180X (Paperback : alk. paper) 
040 |a DLC  |c DLC  |d DLC  |d BD-DhAAL 
082 0 0 |a 371.1  |2 22 
100 1 |a Day, Christopher,  |c ACP.  |9 58401 
245 1 2 |a A passion for teaching /  |c Christopher Day. 
260 |a London ;  |a New York :  |b RoutledgeFalmer,  |c 2004. 
300 |a xvi, 204 p. :  |b ill. ;  |c 22 cm 
504 |a Includes bibliographical references (p. [178]-197) and index. 
526 |a ENH  |x Shenin Ziauddin and Nazia Husain Faculty Members of BRAC University 
541 1 |e 00017211  |a Friends' Book Corner 
650 0 |a Affective education.  |9 34686 
650 0 |a Effective teaching. 
650 0 |a Learning, Psychology of. 
852 4 |a Ayesha Abed Library   |c General Stacks 
942 |2 ddc  |c BK 
999 |c 4050  |d 4050 
952 |0 0  |1 4  |2 ddc  |4 0  |6 371_100000000000000_DAY  |7 0  |9 3730  |a BRACUL  |b BRACUL  |d 2009-10-03  |e Friends' Book Corner  |g 500.00  |l 2  |o 371.1 DAY  |p 3010017211  |r 2014-04-22  |s 2014-04-22  |t 1  |v 1000.00  |w 2009-10-03  |y BK  |x Koha Inventory 2020 ; Requisitioned by Shenin Ziauddin and Nazia Husain (Faculty Members of BRAC University)